| 000 | 00936nas a2200301 4500 | ||
|---|---|---|---|
| 001 | BR2014007791 | ||
| 003 | BR-BrBNA | ||
| 005 | 20231205124842.0 | ||
| 007 | ta | ||
| 008 | 230509b bl.|||p| |||| 00| 00por d | ||
| 040 |
_aBR-BrBNA _bpor _cBiblioteca Nacional de Agricultura |
||
| 041 | _a(Pt) | ||
| 072 | _aQ02; Q03 | ||
| 100 | 1 | _aSousa, C.L. | |
| 100 | 1 | _aFreitas, J. de A. | |
| 100 | 1 | _aLourenço, L. de F.H. | |
| 100 | 1 | _aAraujo, E.A.F. | |
| 100 | 1 | _aSouza, J.N.S. de | |
| 245 | 1 | _aAvaliação da qualidade microbiológica no processamento de pescados | |
| 650 | _aPEIXE | ||
| 650 | _aMICROBIOLOGIA DE ALIMENTO | ||
| 650 | _aHIGIENE DE ALIMENTO | ||
| 650 | _aINDÚSTRIA PESQUEIRA | ||
| 650 | _aTECNOLOGIA DE ALIMENTO | ||
| 773 | 0 |
_tRevista do Instituto Adolfo Lutz (Brazil) _xISSN 0073-9855 _g(Apr-Jun 2011), v. 70(2) p. 151-157 _wBR2014007791 |
|
| 909 |
_a202311 _bLúcia _c55 _dLúcia Elande |
||
| 942 |
_2AGRIS _n0 _cANA |
||
| 999 |
_c241238 _d241238 |
||